Atlas de anatomia humana (Registro nro. 7304)

Detalles MARC
000 -LEADER
fixed length control field 01981nmm a2200421 a 4500
001 - CONTROL NUMBER
control field 0000024368
003 - CONTROL NUMBER IDENTIFIER
control field CO-CtgCURN
005 - DATE AND TIME OF LATEST TRANSACTION
control field 20260217152941.0
007 - PHYSICAL DESCRIPTION FIXED FIELD--GENERAL INFORMATION
fixed length control field co cga---uuuuu
007 - PHYSICAL DESCRIPTION FIXED FIELD--GENERAL INFORMATION
fixed length control field ta
008 - FIXED-LENGTH DATA ELEMENTS--GENERAL INFORMATION
fixed length control field 160628s2002 i eng d
020 ## - INTERNATIONAL STANDARD BOOK NUMBER
International Standard Book Number 8479035323
040 ## - CATALOGING SOURCE
Original cataloging agency CO-CtgCURN
Language of cataloging spa
Transcribing agency coctgcurn
082 0# - DEWEY DECIMAL CLASSIFICATION NUMBER
Classification number R611.91
Item number S677a
100 1# - MAIN ENTRY--PERSONAL NAME
Personal name Putz, R. y Pabst, R.
245 10 - TITLE STATEMENT
Title Atlas de anatomia humana
Medium [electronic resource] :
Remainder of title sobotta /
Statement of responsibility, etc. Putz, R. y Pabst, R.
250 ## - EDITION STATEMENT
Edition statement 21a ed.
260 #1 - PUBLICATION, DISTRIBUTION, ETC.
Place of publication, distribution, etc. Madrid : :
Name of publisher, distributor, etc. Panamericana,,
Date of publication, distribution, etc. 2002.
300 ## - PHYSICAL DESCRIPTION
Extent 2 v. + 1 Cd - Rom.
500 ## - GENERAL NOTE
General note Incluye indice.
505 8# - FORMATTED CONTENTS NOTE
Formatted contents note v.1--Anatomia general.--Parte y regiones del cuerpo.--Aparato locomotor.--Aparato digestivo y respiratorio.--Cabeza y cuello.--Regiones de la cabeza y cuello.--Huesos del craneo y articulacion.--Miembro superior.--Encefalo.--Ojo.--Oido.--v.2--Tronco.--Visceras y miembro inferior.--Dorso del tronco.--Pared toracica y abdominal.--Visceras abdominales y pelvianas.--Huesos articulaciones y ligamentos.--Suelo de la pelvis y perine genitales masculinos
590 ## - LOCAL NOTE (RLIN)
Local note Morfología (Enfermería)
650 14 - SUBJECT ADDED ENTRY--TOPICAL TERM
Topical term or geographic name entry element Anatomía humana.
650 14 - SUBJECT ADDED ENTRY--TOPICAL TERM
Topical term or geographic name entry element Anatomía humana
Form subdivision Nomenclatura.
700 1# - ADDED ENTRY--PERSONAL NAME
Personal name R. abst.
908 ## - PUT COMMAND PARAMETER (RLIN)
Put command parameter 160627
942 ## - ADDED ENTRY ELEMENTS (KOHA)
Koha item type Diccionarios
Classification part R611.91
Item part S677a
Source of classification or shelving scheme Dewey Decimal Classification
Existencias
Withdrawn status Lost status Source of classification or shelving scheme Damaged status Not for loan Collection Home library Current library Shelving location Date acquired Inventory number Total checkouts Full call number Barcode Date last seen Copy number Price effective from Koha item type Public note
    Dewey Decimal Classification     Referencia Miguel Henríquez Emiliani Miguel Henríquez Emiliani Referencia 06/22/2017 000547   R611.91 S677a 000547 03/29/2025 v.1 ej.1 03/29/2025 Diccionarios 610-CIENME
    Dewey Decimal Classification     Referencia Miguel Henríquez Emiliani Miguel Henríquez Emiliani Referencia 06/22/2017 000548   R611.91 S677a 000548 03/29/2025 v.1 ej.2 03/29/2025 Diccionarios 610-CIENME
    Dewey Decimal Classification     Referencia Miguel Henríquez Emiliani Miguel Henríquez Emiliani Referencia 06/22/2017 000549   R611.91 S677a 000549 03/29/2025 v.1 ej.3 03/29/2025 Diccionarios 610-CIENME
    Dewey Decimal Classification     Referencia Miguel Henríquez Emiliani Miguel Henríquez Emiliani Referencia 06/22/2017 000550   R611.91 S677a 000550 03/29/2025 v.1 ej.4 03/29/2025 Diccionarios 610-CIENME
    Dewey Decimal Classification     Referencia Miguel Henríquez Emiliani Miguel Henríquez Emiliani Referencia 06/22/2017 014970   R611.91 S677a 014970 03/29/2025 v.1 ej.5 03/29/2025 Diccionarios 610-CIENME
    Dewey Decimal Classification     Referencia Miguel Henríquez Emiliani Miguel Henríquez Emiliani Referencia 06/22/2017 000551   R611.91 S677a 000551 03/29/2025 v.2 ej.1 03/29/2025 Diccionarios 610-CIENME
    Dewey Decimal Classification     Referencia Miguel Henríquez Emiliani Miguel Henríquez Emiliani Referencia 06/22/2017 000552   R611.91 S677a 000552 03/29/2025 v.2 ej.2 03/29/2025 Diccionarios 610-CIENME
    Dewey Decimal Classification     Referencia Miguel Henríquez Emiliani Miguel Henríquez Emiliani Referencia 06/22/2017 000553   R611.91 S677a 000553 03/29/2025 v.2 ej.3 03/29/2025 Diccionarios 610-CIENME
    Dewey Decimal Classification     Referencia Miguel Henríquez Emiliani Miguel Henríquez Emiliani Referencia 06/22/2017 000554   R611.91 S677a 000554 03/29/2025 v.2 ej.4 03/29/2025 Diccionarios 610-CIENME
    Dewey Decimal Classification     Referencia Miguel Henríquez Emiliani Miguel Henríquez Emiliani Referencia 06/22/2017 014971   R611.91 S677a 014971 03/29/2025 v.2 ej.5 03/29/2025 Diccionarios 610-CIENME